Přeloučský román /

Hlavní autor: Vadný, Josef, 1954-
Další autoři: Mazal, Tomáš, 1956-
Jazyk: Čeština
Vydáno: Praha : Maťa, 2003
Vydání: Vyd. 1.
Edice: Česká radost
Témata:
Externí odkaz: Digitalizovaný dokument
Fyzický popis: 200 s., [12] s. obr. příl. : il. ; 21 cm
Knihy
Uloženo v:
LEADER 01150nam a2200325 a 4500
001 000706315
003 CZ BrMZK
005 20230716124711.0
007 ta
008 040216s2003 xr af g 000 f cze d
015 |a cnb001302085 
020 |a 80-7287-070-X  |q (váz.) 
035 |a (OCoLC)55732496 
040 |a BOA001  |b cze 
072 7 |a 821.162.3-3  |x Česká próza  |2 Konspekt  |9 25 
080 |a 821.162.3-31  |2 MRF 
080 |a (0:82-31)  |2 MRF 
100 1 |a Vadný, Josef,  |d 1954-  |7 xx0016006  |4 aut 
245 1 0 |a Přeloučský román /  |c Josef Vadný & Zdenička Spruzená 
250 |a Vyd. 1. 
260 |a Praha :  |b Maťa,  |c 2003 
300 |a 200 s., [12] s. obr. příl. :  |b il. ;  |c 21 cm 
490 1 |a Česká radost ;  |v sv. 35 
655 7 |a české romány  |7 fd133974  |2 czenas 
700 1 |a Mazal, Tomáš,  |d 1956-  |7 jo2004192794  |4 aut 
830 0 |a Česká radost  |0 s 
856 4 1 |u http://www.digitalniknihovna.cz/mzk/uuid/uuid:dd2b5860-527a-11e3-ae59-005056827e52  |y Digitalizovaný dokument  |x NDK 
910 |a BOA001  |b 2-1130.094 
990 |a BK 
996 6 |b 2610212985  |c 2-1130.094  |l MZK  |r Sklad / do 1 hodiny  |n 3  |p p.v.  |w 000706315  |u 000010  |a 1  |e BOA001  |j MZK50  |s P